000
00339 a2200169 4500
001
70750
020
_a
8532220576
040
_c
Anchieta - Itaigara
100
_a
Boulos JĂșnior, Alfredo
240
1
0
_a
5 de junho
_l
por
245
1
0
_a
5 de junho
300
_a
37
362
0
_a
1998
440
1
_a
FTD
650
4
_a
Ecologia
942
_c
BK
999
_c
70750
_d
70750